[Event "AUTO-MASTER-2984"]
[Site "http://www.queenalice.com/game.php?id=1623715"]
[Date "2020.8.13"]
[Round "1"]
[White "Aguinaldo"]
[Black "Deneb"]
[Result "0-1"]
[WhiteElo "2063"]
[BlackElo "2300"]

1. e4 e5 2. Nf3 Nc6 3. Bb5 a6 4. Bxc6 dxc6 5. d4 exd4 6. Qxd4 Qxd4 7. Nxd4 Bd7
8. Be3 O-O-O 9. Nd2 c5 10. Ne2 b6 11. O-O-O Ne7 12. f3 Nc6 13. Nc4 Be6 14. Rxd8+
Nxd8 15. Nd2 f6 16. Nf4 Bf7 17. g4 h5 18. gxh5 Bxh5 19. Nxh5 Rxh5 20. Bf4 Ne6
21. Bg3 Bd6 22. Bxd6 cxd6 23. Nc4 Kc7 24. Kd2 Nd4 25. Ne3 Nxf3+ 26. Kc3 Ng5 27.
Kd3 Rh3 28. Rg1 Rxh2 29. Nf5 Kd7 30. Nxg7 Rh3+ 31. Kd2 Nf3+ 0-1

[Event "AUTO-ELITE-2262"]
[Site "http://www.queenalice.com/game.php?id=1624000"]
[Date "2020.8.16"]
[Round "1"]
[White "Rhavstur"]
[Black "Deneb"]
[Result "1/2-1/2"]
[WhiteElo "2388"]
[BlackElo "2335"]

1. e4 c5 2. Nf3 d6 3. d3 Nc6 4. g3 g6 5. Bg2 Bg7 6. O-O e5 7. c3 Nge7 8. a3 O-O
9. b4 h6 10. Nbd2 Be6 11. Nb3 c4 12. dxc4 Bxc4 13. Re1 Qc7 14. a4 Rfd8 15. Be3
d5 16. Nfd2 dxe4 17. Qc1 Bxb3 18. Nxb3 Nf5 19. Bd2 Rac8 20. Bxe4 1/2-1/2

[Event "AUTO-ELITE-2262"]
[Site "http://www.queenalice.com/game.php?id=1624001"]
[Date "2020.8.16"]
[Round "1"]
[White "Deneb"]
[Black "Rhavstur"]
[Result "1/2-1/2"]
[WhiteElo "2333"]
[BlackElo "2390"]

1. e4 c6 2. d4 d5 3. e5 c5 4. dxc5 e6 5. Be3 Nd7 6. Nf3 Bxc5 7. Bxc5 Nxc5 8. Qd4
Qb6 9. Nbd2 Ne7 10. Nb3 Nxb3 11. axb3 Qxd4 12. Nxd4 Ng6 13. Nf3 f6 14. exf6 gxf6
15. g3 e5 16. Bg2 Be6 17. Nd2 Kf7 18. c4 Rhd8 19. O-O f5 1/2-1/2

[Event "AUTO-ELITE-2262"]
[Site "http://www.queenalice.com/game.php?id=1624004"]
[Date "2020.8.16"]
[Round "1"]
[White "Sexxy_Bunny"]
[Black "Deneb"]
[Result "1-0"]
[WhiteElo "2666"]
[BlackElo "2335"]

1. e4 e5 2. Nf3 Nc6 3. Bb5 a6 4. Ba4 Nf6 5. O-O b5 6. Bb3 Bb7 7. d3 Bd6 8. c3
O-O 9. Nbd2 Na5 10. Bc2 c5 11. d4 cxd4 12. cxd4 Nc6 13. d5 Nb4 14. Bb1 a5 15.
Re1 Na6 16. h3 Nc5 17. Nf1 Re8 18. g4 h6 19. Ng3 Bf8 20. Kh2 b4 21. g5 hxg5 22.
Bxg5 g6 23. Rg1 Qb6 24. Nh4 Ra6 25. Be3 Kh7 26. Bd3 Raa8 27. Qf3 Ba6 28. Bc2 Kh8
29. Nh5 Be7 30. Rxg6 1-0

[Event "AUTO-ELITE-2262"]
[Site "http://www.queenalice.com/game.php?id=1624005"]
[Date "2020.8.16"]
[Round "1"]
[White "Deneb"]
[Black "Sexxy_Bunny"]
[Result "0-1"]
[WhiteElo "2326"]
[BlackElo "2653"]

1. d4 Nf6 2. c4 e6 3. Nf3 d5 4. Nc3 c6 5. e3 Nbd7 6. Qc2 Bd6 7. Bd3 O-O 8. O-O
dxc4 9. Bxc4 a6 10. Rd1 b5 11. Bd3 Qc7 12. Bd2 c5 13. Ne4 c4 14. Nxd6 Qxd6 15.
Be2 Bb7 16. b3 Rfc8 17. bxc4 bxc4 18. Bc3 Be4 19. Qd2 Rab8 20. Rac1 Bc6 21. Ne5
Ba4 22. Rf1 Ne4 23. Qe1 Nxe5 24. dxe5 Qa3 25. f3 Nxc3 26. Qxc3 Qc5 27. Kh1 g6
28. Qxc4 Qa3 29. Qxc8+ Rxc8 30. Rxc8+ Kg7 31. Bc4 a5 32. e4 Qb2 33. Bb3 Bb5 34.
Rc2 Qxe5 35. Rfc1 h5 36. Bc4 Bd7 37. Rb1 g5 38. a4 Bxa4 39. Ra2 Bc6 40. Bb5 Bb7
41. Bf1 Qc7 42. Rba1 g4 43. Rxa5 gxf3 44. gxf3 Qc3 45. R5a3 Qd2 46. Rd3 Qb2 47.
Rdd1 Bc6 48. Bg2 Qf2 49. Rf1 Qd4 50. Rg1 Qe3 51. Rac1 Ba4 52. Rc4 Bb5 53. Rb4
Bd7 0-1

[Event "AUTO-MASTER-3075"]
[Site "http://www.queenalice.com/game.php?id=1775466"]
[Date "2021.11.22"]
[Round "1"]
[White "tucuman"]
[Black "Deneb"]
[Result "1-0"]
[WhiteElo "2232"]
[BlackElo "2142"]

1. c4 e5 2. e3 Nf6 3. Nc3 Nc6 4. d3 d5 5. cxd5 Nxd5 6. Nf3 Be7 7. Nxd5 Qxd5 8.
Be2 g5 9. e4 Qd6 10. O-O g4 11. Nd2 h5 12. Nc4 Qf6 13. Be3 Be6 14. Rc1 O-O-O 15.
Qa4 Rd4 16. Kh1 a6 17. Qc2 Rd7 18. a3 Kb8 19. b4 Nd4 20. Bxd4 Rxd4 21. Na5 Bd6
22. Qb2 c6 23. a4 1-0

[Event "AUTO-MASTER-3075"]
[Site "http://www.queenalice.com/game.php?id=1775467"]
[Date "2021.11.22"]
[Round "1"]
[White "Deneb"]
[Black "tucuman"]
[Result "0-1"]
[WhiteElo "2133"]
[BlackElo "2241"]

1. d4 d5 2. c4 dxc4 3. Nf3 Nf6 4. e3 b5 5. a4 Qd5 6. Nc3 Qd6 7. axb5 Nbd7 8.
Bxc4 Bb7 9. O-O e6 10. Qe2 Nb6 11. Bd3 Qd8 12. e4 Nfd7 13. Be3 Bb4 14. Qc2 O-O
15. Na4 Nxa4 16. Rxa4 Bd6 17. Rfa1 Qb8 18. e5 Be7 19. Bxh7+ Kh8 20. Ng5 g6 21.
d5 Bxg5 22. Bxg5 Kxh7 23. dxe6 fxe6 0-1

[Event "AUTO-MASTER-3075"]
[Site "http://www.queenalice.com/game.php?id=1775478"]
[Date "2021.11.22"]
[Round "1"]
[White "chessman"]
[Black "Deneb"]
[Result "0-1"]
[WhiteElo "2015"]
[BlackElo "2143"]

1. e4 c5 2. Nf3 d6 3. Bb5+ Bd7 4. Bxd7+ Qxd7 5. c3 Nf6 6. Qe2 Qg4 7. d3 Qxg2 8.
Rg1 Qh3 9. Rg3 Qd7 10. Na3 Nc6 11. Nc2 h6 12. Be3 e5 13. O-O-O O-O-O 14. h4 g6
15. Bd2 d5 16. Kb1 dxe4 17. dxe4 Qd3 18. Qxd3 Rxd3 19. Re1 Bg7 20. b4 Rhd8 21.
b5 Na5 22. Kc1 Nh5 23. Rh3 Nf4 24. Rg3 Nc4 25. Bxf4 exf4 26. Rh3 Bxc3 27. Rf1
Bb2+ 0-1

[Event "AUTO-MASTER-3075"]
[Site "http://www.queenalice.com/game.php?id=1775479"]
[Date "2021.11.22"]
[Round "1"]
[White "Deneb"]
[Black "chessman"]
[Result "1-0"]
[WhiteElo "2151"]
[BlackElo "2004"]

1. d4 d5 2. c4 c6 3. Nf3 Nf6 4. Nc3 e6 5. Bg5 Be7 6. e3 O-O 7. Bd3 Nbd7 8. O-O
dxc4 9. Bxc4 c5 10. dxc5 Bxc5 11. Qc2 a6 12. Rfd1 Be7 13. Be2 Qa5 14. e4 Re8 15.
Rac1 Ne5 16. Nxe5 Qxe5 17. f4 Qc5+ 18. Kh1 b5 19. e5 Nd7 20. Bxe7 Qxe7 21. Ne4
Nf8 22. Bh5 Bb7 23. Nd6 g6 24. Nxe8 Rxe8 25. Bf3 Bxf3 26. gxf3 h5 27. Qd2 1-0

[Event "AUTO-MASTER-3075"]
[Site "http://www.queenalice.com/game.php?id=1775486"]
[Date "2021.11.22"]
[Round "1"]
[White "Deneb"]
[Black "CCapivara"]
[Result "0-1"]
[WhiteElo "2150"]
[BlackElo "2272"]

1. e4 d6 2. d4 Nf6 3. Nc3 c6 4. f4 Qa5 5. Bd3 e5 6. Nf3 Bg4 7. Be3 Nbd7 8. O-O
Be7 9. h3 Bxf3 10. Qxf3 O-O 11. Ne2 exd4 12. Bxd4 Nc5 13. Ng3 Nxd3 14. cxd3 d5
15. Kh1 dxe4 16. dxe4 Rad8 17. Bc3 Qc7 18. Nf5 g6 19. Nh6+ Kg7 20. Ng4 h5 21.
Nxf6 Bxf6 22. e5 Be7 23. f5 Kh7 24. e6 fxe6 25. fxg6+ Kxg6 26. Qe4+ Rf5 0-1

[Event "AUTO-MASTER-3075"]
[Site "http://www.queenalice.com/game.php?id=1775487"]
[Date "2021.11.22"]
[Round "1"]
[White "CCapivara"]
[Black "Deneb"]
[Result "1-0"]
[WhiteElo "2258"]
[BlackElo "2159"]

1. e4 c6 2. d4 d5 3. exd5 cxd5 4. Nf3 Nc6 5. Bd3 Bg4 6. c3 Nf6 7. O-O e6 8. Bg5
h6 9. Bh4 Be7 10. Nbd2 O-O 11. Qa4 g5 12. Bg3 Qb6 13. Rab1 Bf5 14. Bxf5 exf5 15.
Be5 Ne4 16. Rfe1 Nxe5 17. Nxe5 Nxd2 18. Rbd1 Ne4 19. Nd7 Qxb2 20. Nxf8 Qxf2+ 21.
Kh1 Bd6 22. Nd7 Qf4 23. g3 Qf3+ 24. Kg1 Nf2 25. Nf6+ Kg7 26. Nh5+ 1-0